000 00351nam a2200145Ia 4500
008 230711s9999||||xx |||||||||||||| ||und||
041 _aENG
082 _a720
_bLA-M
100 _aLawson,Bryan
245 0 _aDesign in mind
250 _a1st Ed.
260 _c1993
_aNew York
_bButterworth Architecture Publisher
650 _aArchitecture
942 _cBK
999 _c3082
_d3082